000 00274nam a2200109Ia 4500
008 200302s9999 xx 000 0 und d
100 _aashrae research
245 _a2017 ashrae handbook fundamentals I- P Edition
260 _bTullie Circle
260 _c2017
300 _a40.29
999 _c7083
_d7083